| 000 | 00000nam##2200000za#4500 |
| 001 | 9.564963 |
| 003 | CaOODSP |
| 005 | 20210624175559 |
| 007 | cr ||||||||||| |
| 008 | 150406|1992||||xxc|||||o f|0| 0 eng|d |
| 040 | |aCaOODSP|beng |
| 043 | |an-cn--- |
| 086 | 1 |aYM32-2/303-1992E-PDF |
| 245 | 00|aParliament, the National Defence Act, and the decision to participate / |h[electronic resource]|cPrepared by: Michel Rossignol. |
| 246 | 1 |iVariant title : |aInternational conflicts: Parliament, the National Defence Act, and the decision to participate |
| 260 | |bLibrary of Parliament. |cAugust 1992. |
| 300 | |a20p.|breferences |
| 490 | 1 |aBackground paper|vBP-303E |
| 590 | |a09-02-Supp|b2009-02-17 |
| 690 | 07|aArmed forces|2gcpds |
| 690 | 07|aDefence policy|2gcpds |
| 690 | 07|aParliament|2gcpds |
| 710 | 1 |aCanada.|bLibrary of Parliament. |bParliamentary Research Branch. |
| 720 | 1 |aRossignol, Michel |
| 775 | 08|tConflits internationaux - le rôle du parlement, la loi sur la défense nationale et la décision d'envoyer des troupes / |w(CaOODSP)9.596611 |
| 830 | #0|aBackground paper ;|vBP-303E|w(CaOODSP)9.504772 |
| 856 | 40|ahttp://publications.gc.ca|qPDF|s68 KB|uhttps://publications.gc.ca/collections/collection_2008/lop-bdp/bp/bp303-e.pdf|yBP-303E |